Vico gondolatainak európai hatása
Elmentve itt :
| Szerző: | |
|---|---|
| További közreműködők: | |
| Adatforrás: | Philobibl |
| Forrásdokumentuma: | Helikon 51.2005.4. 525-542. p. |
| Dokumentumtípus: | Cikk |
| Nyelv: | magyar |
| Kulcsszavak: | Vico történetfilozófia |
| Megjelent: |
2005
|
| LEADER | 00420nab a2200145 c 4500 | ||
|---|---|---|---|
| 001 | bibPHI0028920 | ||
| 005 | 20200924122411.6 | ||
| 008 | 061020s2005 xx 00010 hun | ||
| 100 | 1 | |a Battistini, Andrea | |
| 245 | 1 | 0 | |a Vico gondolatainak európai hatása |c Battistini, Andrea ; [ford. Nagy József] |
| 260 | |c 2005 | ||
| 695 | |a Vico | ||
| 695 | |a történetfilozófia | ||
| 700 | 1 | |a Nagy József | |
| 773 | 0 | |t Helikon |g 51.2005.4. 525-542. p. | |